| 000 | 00869nam a2200253 a 4500 | ||
|---|---|---|---|
| 001 | 000025208 | ||
| 005 | 20240302073950.0 | ||
| 008 | 110211s2000 dr a 000 0 spa d | ||
| 020 | _a9993483443 | ||
| 040 |
_aDO-SdBNP _bspa _cBNPHU |
||
| 082 |
_a922.27293 _bS211C |
||
| 100 | 1 |
_aCassá, Roberto, _d1948- _910888 |
|
| 245 | 1 | 0 |
_aAntonio Sánchez Valverde / _cRoberto Cassá ; ilustraciones Ramiro Manzano. |
| 260 |
_aSanto Domingo : _bTobogán, _c2000. |
||
| 300 | _bil. | ||
| 490 | 1 | _aBiografías dominicanas Tobogán ; | |
| 590 | _aInventariado, 2018/ YL | ||
| 504 | _aBibliografía : p. 47 | ||
| 600 | 1 | 4 |
_aSÁNCHEZ VALVERDE, ANTONIO _cSACERDOTE _d1729-1790 _951687 |
| 651 | 4 |
_aRepública Dominicana _xBiografías _91325 |
|
| 700 | 1 | 2 |
_aManzano, Ramiro, _eil. _9768 |
| 830 | 0 |
_aBiografías dominicanas Tobogán _9769 |
|
| 910 | _aValidado. Controld e calidad MFF | ||
| 999 |
_c24701 _d24701 |
||